طريق مصر و تحدى البقاء/ (Record no. 15739)
[ view plain ]
| 000 -الفاتح | |
|---|---|
| حقل البيانات ثابتة الطول | 00812nam a22001697a 4500 |
| 008 - عناصر البيانات ثابتة الطول - معلومات عامة | |
| حقل البيانات ثابتة الطول | 110726s ua||||gr|||| 00| 0 ara d |
| 082 ## - رقم تصنيف ديوى العشرى | |
| رقم الطبعة | 22 |
| رقم التصنيف | 320.962 |
| رقم المادة | ف خ ر |
| 100 ## - المدخل الرئيسى - إسم شخصى | |
| 9 (RLIN) | 26431 |
| الإسم الشخصى | فخر ، محمد ماجد |
| 245 ## - بيان العنوان | |
| العنوان | طريق مصر و تحدى البقاء/ |
| بيان المسئوليه,etc | ماجد محمد فخر |
| 260 ## - PUBLICATION, DISTRIBUTION, ETC. (IMPRINT) | |
| مكان الناشر او الموزع | القاهرة: |
| اسم الناشر او الموزع | المطبعة العربية الحديثة،[د.ن |
| تاريخ النشر أو التوزيع | [د.ن] |
| 300 ## - الوصف المادى | |
| التعداد | 432 ص؛ |
| أبعاد الوعاء | 24سم. |
| 651 ## - المدخل الاضافى بالموضوع - اسم جغرافى | |
| 9 (RLIN) | 26434 |
| الاسم الجغرافي | مصر |
| التقسيم الفرعي العام | الجغرافيا السياسية |
| 651 ## - المدخل الاضافى بالموضوع - اسم جغرافى | |
| 9 (RLIN) | 8785 |
| الاسم الجغرافي | مصر - |
| التقسيم الفرعي العام | التخطيط الاقتصادى |
| 653 ## - مصطلح تكشيفى غير مقيد | |
| Resource For college | |
| Arrived date list | July2011 |
| 942 ## - عناصر المدخل الإضافي( كوها) | |
| مصدر التصنيف او مخطط الترفيف | Dewey Decimal Classification |
| Koha [default] item type | Book - Borrowing |
| حالة التراجع | حالة الفقد | مصدر التصنيف او خطة الترفيف | حالة تلف | ليس للاعارة | مجموعات كوها | المكان الدائم | المكان الحالي | موقع الترفيف | تاريخ الاكتساب | Source of acquisition | رقم الاستدعاء | الباركود | Date last seen | مُعار | نوع الوعاء | تبصرة عامة |
|---|---|---|---|---|---|---|---|---|---|---|---|---|---|---|---|---|
| Dewey Decimal Classification | Central Library | Central Library | First floor | 26/07/2011 | 320.962 ف خ ر | 000024124 | 15/07/2025 | 20/02/2023 | Book - Borrowing | إهداء علاء عبد الغنى |